[Event "Catanzaro Province-ch"]
[Site "Catanzaro"]
[Date "2013.01.18"]
[Round "1"]
[White "Cordi, Domenico"]
[Black "Scerra, Ezio"]
[Result "1-0"]
[WhiteElo "2035"]
[BlackElo "1593"]
[PlyCount "96"]
[EventDate "2013.01.18"]
[EventType "swiss"]
[EventRounds "5"]
[EventCountry "ITA"]
[SourceTitle "EXT 2014"]
[Source "ChessBase"]
[SourceDate "2013.11.20"]
[SourceVersion "1"]
[SourceVersionDate "2013.11.20"]
[SourceQuality "1"]

1. d4 g6 2. c4 d6 3. Nc3 Bg7 4. Nf3 Nf6 5. e4 0-0 6. Be2 c6 7. h3 Bd7 8. Be3 Na6 9. Qd2 Rb8 10. 0-0 b6 11. Rad1 b5 12. e5 b4 13. exf6 bxc3 14. fxe7 cxd2 15. exd8Q Rfxd8 16. Rxd2 Be8 17. Rfd1 Nc7 18. b3 a5 19. Bf4 Ne6 20. Bg3 Bh6 21. Rc2 Bf4 22. Bxf4 Nxf4 23. Bf1 f6 24. g3 Nh5 25. Re1 Bf7 26. Re7 Be8 27. Re1 Bf7 28. Re7 Ng7 29. Ra7 Ra8 30. Rxa8 Rxa8 31. Rc3 a4 32. b4 a3 33. Ne1 c5 34. bxc5 dxc5 35. d5 Nf5 36. Nc2 Nd6 37. Rxa3 Rb8 38. Rb3 Rb7 39. Rxb7 Nxb7 40. Na3 Be8 41. Nb5 Bxb5 42. cxb5 Kf7 43. b6 Ke7 44. Ba6 c4 45. Bxc4 Nc5 46. a4 Kd7 47. a5 Kc8 48. Bb5 Kb7 1-0

[Event "Amantea op-B 9th"]
[Site "Amantea"]
[Date "2011.09.09"]
[Round "6"]
[White "Scerra, Ezio"]
[Black "Andreani, Carlo"]
[Result "1-0"]
[WhiteElo "1512"]
[BlackElo "1386"]
[PlyCount "81"]
[EventDate "2011.09.04"]
[EventType "swiss"]
[EventRounds "8"]
[EventCountry "ITA"]
[SourceTitle "EXT 2014"]
[Source "ChessBase"]
[SourceDate "2013.11.20"]
[SourceVersion "1"]
[SourceVersionDate "2013.11.20"]
[SourceQuality "1"]

1. c4 e5 2. Nc3 Nf6 3. g3 Nc6 4. Bg2 Bb4 5. Nf3 d6 6. a3 Bxc3 7. bxc3 Be6 8. d3 Qd7 9. 0-0 h5 10. Bg5 Nh7 11. e4 f6 12. Nh4 Nxg5 13. Nf5 g6 14. Nh4 Bg4 15. f3 Bh3 16. Bxh3 Nxh3+ 17. Kg2 0-0-0 18. Nxg6 Rh6 19. Nh4 Rg8 20. Nf5 Rh7 21. Kxh3 Ne7 22. Kg2 Nxf5 23. exf5 Qxf5 24. f4 h4 25. fxe5 Qxe5 26. Qe1 hxg3 27. hxg3 Rhg7 28. Rf3 b5 29. Qxe5 fxe5 30. cxb5 Re8 31. a4 Kd7 32. a5 e4 33. dxe4 Rxe4 34. b6 cxb6 35. axb6 axb6 36. Ra7+ Kc6 37. Rxg7 Re2+ 38. Kf1 Ra2 39. Rg6 Kc5 40. Rgf6 Kc4 41. Rxd6 1-0

[Event "Crotone Province-ch 11"]
[Site "Crotone"]
[Date "2010.11.21"]
[Round "2"]
[White "Campagna, Angelo"]
[Black "Scerra, Ezio"]
[Result "1-0"]
[WhiteElo "1679"]
[BlackElo "1482"]
[PlyCount "87"]
[EventDate "2010.11.20"]
[EventType "swiss"]
[EventRounds "6"]
[EventCountry "ITA"]
[SourceTitle "EXT 2024"]
[Source "ChessBase"]
[SourceDate "2023.10.10"]
[SourceVersion "1"]
[SourceVersionDate "2023.10.10"]
[SourceQuality "1"]

1. e4 d5 2. e5 g6 3. d4 Bg7 4. f4 Nc6 5. h3 e6 6. Nf3 Nge7 7. Bb5 0-0 8. Bxc6 bxc6 9. Be3 Nf5 10. Bf2 f6 11. Nh4 fxe5 12. Nxf5 Rxf5 13. fxe5 Qf8 14. Qe2 a5 15. b3 c5 16. 0-0 cxd4 17. Bxd4 Rxf1+ 18. Qxf1 Qxf1+ 19. Kxf1 c5 20. Bxc5 Bxe5 21. c3 a4 22. b4 Ba6+ 23. Ke1 Bg3+ 24. Kd2 Bf1 25. Na3 Bxg2 26. Rg1 Bf4+ 27. Be3 Bxe3+ 28. Kxe3 Bxh3 29. b5 e5 30. Rg5 Bf5 31. c4 d4+ 32. Kd2 Kf7 33. c5 Kf6 34. Rg1 h5 35. b6 Be6 36. c6 e4 37. b7 Rb8 38. Rc1 h4 39. Nb5 h3 40. Nxd4 Bd5 41. c7 Rxb7 42. c8Q h2 43. Ke3 Rb2 44. Qd8+ 1-0

[Event "Amantea op-B 8th"]
[Site "Amantea"]
[Date "2010.09.04"]
[Round "7"]
[White "Scerra, Ezio"]
[Black "Lo Cascio, Marco"]
[Result "1/2-1/2"]
[WhiteElo "1419"]
[BlackElo "1593"]
[PlyCount "81"]
[EventDate "2010.08.29"]
[EventType "swiss"]
[EventRounds "9"]
[EventCountry "ITA"]
[SourceTitle "CBM 138 Extra"]
[Source "ChessBase"]
[SourceDate "2010.10.29"]
[SourceVersion "1"]
[SourceVersionDate "2010.10.29"]
[SourceQuality "1"]

1. c4 e6 2. e4 d5 3. cxd5 exd5 4. d3 dxe4 5. Qa4+ Nc6 6. Qxe4+ Be6 7. Bd2 Nd4 8. Kd1 Nc6 9. Nf3 Nf6 10. Qe1 h6 11. Rg1 Bc5 12. Nc3 0-0 13. Be2 Bf5 14. Qf1 Ng4 15. a3 Nxf2+ 16. Kc2 Ng4 17. h3 Bxg1 18. hxg4 Bxg4 19. Qxg1 Bxf3 20. gxf3 Nd4+ 21. Kd1 Nxe2 22. Kxe2 Re8+ 23. Ne4 Re6 24. Bc3 Rg6 25. Qf2 Qd5 26. Rg1 Rd8 27. d4 Qc4+ 28. Ke3 Rxg1 29. Qxg1 Qe6 30. Qg3 Rd5 31. Kd3 Qf5 32. Qg4 Qxg4 33. fxg4 Kh7 34. Ke3 Kg6 35. Ng3 Kg5 36. Kf3 c6 37. Bd2+ Kg6 38. Ke4 Rb5 39. Bc3 Rd5 40. Nf5 Kf6 41. Ne3 1/2-1/2

[Event "Crotone Province-ch"]
[Site "Crotone"]
[Date "2010.03.07"]
[Round "5"]
[White "Scerra, Ezio"]
[Black "Chiofalo, Gianfranco"]
[Result "1-0"]
[WhiteElo "1320"]
[BlackElo "1582"]
[PlyCount "48"]
[EventDate "2010.02.27"]
[EventType "swiss"]
[EventRounds "6"]
[EventCountry "ITA"]
[SourceTitle "EXT 2024"]
[Source "ChessBase"]
[SourceDate "2023.10.10"]
[SourceVersion "1"]
[SourceVersionDate "2023.10.10"]
[SourceQuality "1"]

1. c4 e5 2. Nc3 Nf6 3. g3 Nc6 4. Bg2 Bb4 5. Nf3 b6 6. 0-0 Bb7 7. a3 Bxc3 8. bxc3 Rb8 9. Re1 0-0 10. d3 e4 11. Ng5 exd3 12. exd3 Ne7 13. Ne4 Ng6 14. Bg5 d5 15. Bxf6 gxf6 16. cxd5 Bxd5 17. Nxf6+ Qxf6 18. Bxd5 Qxc3 19. Be4 Rbd8 20. Re2 c5 21. Rc2 Qd4 22. Rc4 Qd6 23. Qh5 Qf6 24. Rb1 Ne5 1-0

[Event "Crotone Province-ch"]
[Site "Crotone"]
[Date "2010.02.28"]
[Round "3"]
[White "Guzzo, Giovanni"]
[Black "Scerra, Ezio"]
[Result "1/2-1/2"]
[WhiteElo "1741"]
[BlackElo "1320"]
[PlyCount "50"]
[EventDate "2010.02.27"]
[EventType "swiss"]
[EventRounds "6"]
[EventCountry "ITA"]
[SourceTitle "EXT 2024"]
[Source "ChessBase"]
[SourceDate "2023.10.10"]
[SourceVersion "1"]
[SourceVersionDate "2023.10.10"]
[SourceQuality "1"]

1. e4 d5 2. exd5 Qxd5 3. Nc3 Qa5 4. d4 c6 5. Nf3 Nf6 6. Bd3 Bg4 7. 0-0 Nbd7 8. h3 Bh5 9. a3 e6 10. Be2 0-0-0 11. Be3 Qc7 12. b4 Bd6 13. Qb1 Nd5 14. Nxd5 exd5 15. Rc1 Bg6 16. Qb3 Bf4 17. c4 Bxe3 18. fxe3 dxc4 19. Bxc4 f6 20. Be2 Be4 21. a4 Bd5 22. Qc3 Nf8 23. Qd3 Qg3 24. e4 Be6 25. Kh1 Ng6 1/2-1/2

[Event "Amantea op-B 7th"]
[Site "Amantea"]
[Date "2009.08.31"]
[Round "1"]
[White "Scerra, Ezio"]
[Black "Palermiti, Francesco"]
[Result "0-1"]
[WhiteElo "1323"]
[BlackElo "1440"]
[PlyCount "82"]
[EventDate "2009.08.31"]
[EventType "swiss"]
[EventRounds "8"]
[EventCountry "ITA"]
[SourceTitle "CBM 132 Extra"]
[Source "ChessBase"]
[SourceDate "2009.11.03"]
[SourceVersion "1"]
[SourceVersionDate "2009.11.03"]
[SourceQuality "1"]

1. c4 e5 2. Nc3 Nf6 3. g3 Be7 4. Bg2 0-0 5. Nf3 d6 6. 0-0 c5 7. Re1 Nc6 8. e3 Bg4 9. d3 Qd7 10. Qd2 Bh3 11. Nd5 Bd8 12. e4 Nxd5 13. exd5 Nd4 14. Nxd4 exd4 15. b4 Bxg2 16. Kxg2 Bb6 17. b5 a5 18. a4 Bd8 19. Qe2 Bf6 20. Bd2 b6 21. h4 Rae8 22. Qf3 Be5 23. Rh1 Re7 24. g4 f5 25. g5 Qe8 26. Bf4 g6 27. Rae1 Rff7 28. h5 Rg7 29. hxg6 Rxg6 30. Rh5 Qd7 31. Qe2 Reg7 32. Bxe5 dxe5 33. Qxe5 Rxg5+ 34. Rxg5 Rxg5+ 35. Kf3 Qf7 36. Qe6 Qxe6 37. Rxe6 h5 38. d6 Rg7 39. Rg6 Rxg6 40. d7 Rd6 41. Kf4 Rxd7 0-1

[Event "Cutro op-B 15th"]
[Site "Cutro"]
[Date "2009.04.25"]
[Round "6"]
[White "Scerra, Ezio"]
[Black "Virelli, Salvatore"]
[Result "0-1"]
[WhiteElo "1332"]
[BlackElo "1467"]
[PlyCount "102"]
[EventDate "2009.04.20"]
[EventType "swiss"]
[EventRounds "7"]
[EventCountry "ITA"]
[SourceTitle "EXT 2011"]
[Source "ChessBase"]
[SourceDate "2010.11.26"]
[SourceVersion "1"]
[SourceVersionDate "2010.11.26"]
[SourceQuality "1"]

1. c4 e5 2. Nc3 Nf6 3. g3 Be7 4. Nf3 d6 5. Bg2 0-0 6. d3 c6 7. 0-0 Bg4 8. Ng5 h6 9. Nge4 Nbd7 10. f3 Bf5 11. e3 d5 12. Nf2 d4 13. Nce4 Nc5 14. Re1 Ncxe4 15. fxe4 Be6 16. a3 Qd7 17. b4 a6 18. exd4 Qxd4 19. Be3 Qd7 20. Qd2 Ng4 21. Nxg4 Bxg4 22. Qc3 b5 23. c5 Rad8 24. Ra2 Qxd3 25. Qxe5 Bf6 26. Qf4 Bg5 27. Qf2 Bxe3 28. Rxe3 Qb1+ 29. Re1 Rd1 30. Rxd1 Qxd1+ 31. Qf1 Rd8 32. Qxd1 Rxd1+ 33. Kf2 Be6 34. Ke2 Rg1 35. Kf2 Rxg2+ 36. Kxg2 Bxa2 37. Kf3 f6 38. Kf4 Kf7 39. e5 g5+ 40. Ke4 Bb1+ 41. Kd4 f5 42. g4 Ke6 43. gxf5+ Bxf5 44. Kc3 Kxe5 45. Kb3 Be6+ 46. Kb2 h5 47. a4 h4 48. axb5 axb5 49. Kc3 Ke4 50. Kd2 Kf3 51. Kd3 Kg2 0-1

[Event "Bagnara Calabra op-B"]
[Site "Bagnara Calabra"]
[Date "2009.01.06"]
[Round "7"]
[White "Scerra, Ezio"]
[Black "Mercuri, Delia"]
[Result "0-1"]
[WhiteElo "1350"]
[BlackElo "1442"]
[PlyCount "80"]
[EventDate "2009.01.02"]
[EventType "swiss"]
[EventRounds "7"]
[EventCountry "ITA"]
[SourceTitle "CBM 128 Extra"]
[Source "ChessBase"]
[SourceDate "2009.03.05"]
[SourceVersion "2"]
[SourceVersionDate "2009.03.25"]
[SourceQuality "1"]

1. c4 c5 2. Nc3 Nc6 3. g3 e6 4. Bg2 Nf6 5. Nf3 d5 6. 0-0 Be7 7. e3 dxc4 8. Qa4 0-0 9. Qxc4 Na5 10. Qe2 a6 11. b3 b5 12. d4 Bb7 13. Rd1 Qc7 14. Bb2 Rad8 15. Rac1 c4 16. Nb1 Qb6 17. bxc4 Nxc4 18. Bc3 Bd5 19. Qe1 Qb7 20. Nh4 Ne4 21. Bb4 Bxb4 22. Qxb4 a5 23. Qe1 b4 24. f3 Nc3 25. Nxc3 bxc3 26. Rb1 Qa6 27. Qxc3 Rc8 28. Rdc1 g5 29. e4 Ba8 30. Bf1 Qd6 31. Bxc4 gxh4 32. gxh4 Qf4 33. Qxa5 Qe3+ 34. Kg2 Kh8 35. Re1 Rg8+ 36. Qg5 Rxg5+ 37. hxg5 Qxg5+ 38. Kh1 Qe3 39. Kg2 Rg8+ 40. Kh3 Qh6# 0-1

[Event "KR Province-ch"]
[Site "Cutro"]
[Date "2008.12.05"]
[Round "1"]
[White "Paragliola, Gennaro"]
[Black "Scerra, Ezio"]
[Result "1-0"]
[WhiteElo "1637"]
[BlackElo "1368"]
[PlyCount "63"]
[EventDate "2008.12.05"]
[EventType "swiss"]
[EventRounds "5"]
[EventCountry "ITA"]
[SourceTitle "EXT 2011"]
[Source "ChessBase"]
[SourceDate "2010.11.26"]
[SourceVersion "1"]
[SourceVersionDate "2010.11.26"]
[SourceQuality "1"]

1. d4 d5 2. c4 Nf6 3. Nc3 c6 4. Nf3 g6 5. Bg5 Bg7 6. e3 Bg4 7. h3 Bxf3 8. Qxf3 0-0 9. Bd3 h6 10. Bxf6 Bxf6 11. cxd5 e6 12. dxe6 fxe6 13. Qe4 Qe8 14. Qxg6+ Qxg6 15. Bxg6 Kg7 16. Bd3 Bh4 17. 0-0 Nd7 18. Ne4 Rad8 19. Bc2 Nb6 20. Nc5 Kf6 21. Bb3 Nd5 22. Nxb7 Rb8 23. Nc5 Ke7 24. Rac1 Bf6 25. Ne4 Nb4 26. Nc5 e5 27. Ne6 Nxa2 28. Bxa2 Rxb2 29. Nxf8 exd4 30. Rxc6 d3 31. Nh7 Be5 32. Re6+ 1-0

[Event "Amantea op-B 6th"]
[Site "Amantea"]
[Date "2008.09.04"]
[Round "5"]
[White "Scerra, Ezio"]
[Black "Moscarelli, Giacomo"]
[Result "0-1"]
[WhiteElo "1359"]
[BlackElo "1634"]
[PlyCount "106"]
[EventDate "2008.08.31"]
[EventType "swiss"]
[EventRounds "9"]
[EventCountry "ITA"]
[SourceTitle "CBM 126 Extra"]
[Source "ChessBase"]
[SourceDate "2008.11.05"]
[SourceVersion "1"]
[SourceVersionDate "2008.11.05"]
[SourceQuality "1"]

1. c4 c5 2. Nc3 b6 3. d3 Bb7 4. e4 Nc6 5. Nf3 e6 6. Bf4 a6 7. Be2 d6 8. 0-0 Be7 9. Ne1 Nf6 10. Nc2 e5 11. Bg3 Nd4 12. Ne3 Qd7 13. Bg4 Nxg4 14. Nxg4 h5 15. Nxe5 dxe5 16. Bxe5 f6 17. Bf4 0-0-0 18. Nd5 Bxd5 19. cxd5 Bd6 20. Bxd6 Qxd6 21. f4 f5 22. Rc1 Kb7 23. Kh1 g6 24. Qa4 Rc8 25. Rf2 Rhe8 26. e5 Qxd5 27. Qc4 Qxc4 28. dxc4 Rcd8 29. h4 Ne6 30. g3 Rd3 31. Kg2 Red8 32. b3 Rd2 33. a4 Rxf2+ 34. Kxf2 Rd3 35. a5 bxa5 36. Ra1 Kb6 37. Rb1 Nd4 38. Re1 Ne6 39. Rb1 Kc6 40. Kg2 Rd4 41. Kf3 a4 42. bxa4 Rxc4 43. a5 Rb4 44. Rxb4 cxb4 45. Ke3 Kc5 46. Kd3 Kb5 47. Kc2 Kxa5 48. Kb1 b3 49. Kc1 Kb4 50. Kb2 a5 51. Kb1 Kc3 52. Kc1 b2+ 53. Kb1 a4 0-1

[Event "Amantea op-B 6th"]
[Site "Amantea"]
[Date "2008.08.31"]
[Round "1"]
[White "Scerra, Ezio"]
[Black "Carbone, Stefano"]
[Result "0-1"]
[WhiteElo "1359"]
[BlackElo "1620"]
[PlyCount "116"]
[EventDate "2008.08.31"]
[EventType "swiss"]
[EventRounds "9"]
[EventCountry "ITA"]
[SourceTitle "CBM 126 Extra"]
[Source "ChessBase"]
[SourceDate "2008.11.05"]
[SourceVersion "1"]
[SourceVersionDate "2008.11.05"]
[SourceQuality "1"]

1. c4 g6 2. Nc3 Bg7 3. g3 d6 4. Bg2 e5 5. d3 Ne7 6. Nf3 0-0 7. Bg5 h6 8. Bxe7 Qxe7 9. Ne4 f5 10. Nc3 c6 11. 0-0 Be6 12. b3 e4 13. Nh4 Qf6 14. dxe4 Qxc3 15. Nxg6 Rd8 16. exf5 Bf7 17. Rc1 Qd4 18. Qxd4 Bxd4 19. Rcd1 Bxg6 20. fxg6 Bc5 21. h4 Nd7 22. h5 Rf8 23. Bh3 Ne5 24. Kg2 Rad8 25. f4 Nd7 26. Be6+ Kg7 27. Bf7 Nf6 28. Rh1 Rd7 29. Be6 Re7 30. f5 Ne4 31. Rde1 Ng5 32. Rhf1 Bd4 33. c5 d5 34. e3 Bf6 35. g4 Nxe6 36. fxe6 Rxe6 37. Rf4 Bg5 38. Rxf8 Kxf8 39. Rf1+ Rf6 40. Rxf6+ Bxf6 41. Kf3 Be5 42. g5 Kg7 43. Kg4 Bb2 44. gxh6+ Kxh6 45. e4 dxe4 46. Kf4 e3 47. Kxe3 Kxh5 48. a4 Kxg6 49. Ke4 a5 50. Ke3 Kf5 51. Kd3 Ke5 52. Kc4 Ba3 53. b4 Bxb4 54. Kb3 Bxc5 55. Kc3 Kd5 56. Kb3 Kd4 57. Kc2 b5 58. Kb3 Kd3 0-1

[Event "Calabria Province-ch"]
[Site "San Fili"]
[Date "2007.06.10"]
[Round "4"]
[White "Scerra, Ezio"]
[Black "Bellisario, Carlo"]
[Result "0-1"]
[WhiteElo "1398"]
[BlackElo "1619"]
[PlyCount "58"]
[EventDate "2007.06.08"]
[EventType "swiss"]
[EventRounds "5"]
[EventCountry "ITA"]
[SourceTitle "EXT 2010"]
[Source "ChessBase"]
[SourceDate "2010.11.25"]
[SourceVersion "1"]
[SourceVersionDate "2010.11.25"]
[SourceQuality "1"]

1. c4 e5 2. Nc3 Nf6 3. e4 b6 4. Nf3 d6 5. d3 Bb7 6. Be2 Be7 7. Nd5 Nxd5 8. cxd5 Nd7 9. b4 0-0 10. 0-0 Nf6 11. Bg5 Nxd5 12. Bxe7 Nxe7 13. b5 a6 14. a4 axb5 15. axb5 Qd7 16. Rxa8 Rxa8 17. d4 Bxe4 18. dxe5 Bxf3 19. Bxf3 Ra5 20. exd6 Qxd6 21. Be2 g6 22. Qc2 Nf5 23. Qb2 Qd4 24. Qc1 Qc5 25. Bc4 Nd6 26. Bd3 Qxc1 27. Rxc1 Nxb5 28. Rc6 Ra1+ 29. Bf1 Nd4 0-1